الاقتصاد والتجارة الخارجية

محفوظ في:

المؤلف الرئيسي: Press and Information Administration of the German Federal Government.

مؤلفون آخرون: Helmut Arents.

التنسيق: كتاب

اللغة: Undetermined

منشور في: Wiesbaden, Germany Wiesbadter Krafiche Betribe Press 1965

سلاسل: مقتطف من مجلد "ألمانيا اليوم"

الوسوم: إضافة وسم

لا توجد وسوم, كن أول من يضع وسما على هذه التسجيلة!

رقم الطلب: N29 FEDR

LEADER 00581nam a2200145Ia 4500
008 240404s9999||||xx |||||||||||||| ||und||
050 4 |a N29 FEDR 
100 1 |a Press and Information Administration of the German Federal Government. 
245 1 0 |a الاقتصاد والتجارة الخارجية  |c Press and Information Administration of the German Federal Government 
264 1 |a Wiesbaden, Germany  |b Wiesbadter Krafiche Betribe Press  |c 1965 
300 |a 98  |c 21 
490 0 |a مقتطف من مجلد "ألمانيا اليوم" 
700 1 |a Helmut Arents. 
942 |2 lcc  |c BK 
999 |c 58093  |d 58093